| LEADER | 00434nam a2200157Ia 4500 | ||
|---|---|---|---|
| 001 | CTU_126312 | ||
| 008 | 210402s9999 xx 000 0 und d | ||
| 082 | |a 576.163 | ||
| 082 | |b Y21 | ||
| 100 | |a Yang, Zhu | ||
| 245 | 0 | |a Process development for microbial transglutaminase production | |
| 260 | |a [New York] | ||
| 260 | |c [1970] | ||
| 650 | |a Microbial | ||
| 904 | |i Nguyên | ||
| 980 | |a Trung tâm Học liệu Trường Đại học Cần Thơ | ||